[Event "Tapolca Evadnyito op"]
[Site "Budapest"]
[Date "2002.01.11"]
[Round "8"]
[White "Szirmai, Eduard"]
[Black "Mamuzsics, Istvan"]
[Result "1/2-1/2"]
[WhiteElo "2154"]
[BlackElo "2061"]
[PlyCount "127"]
[EventDate "2002.01.04"]
[EventType "swiss"]
[EventRounds "9"]
[EventCountry "HUN"]
[SourceTitle "EXT 2004"]
[Source "ChessBase"]
[SourceDate "2003.11.25"]
[SourceVersion "1"]
[SourceVersionDate "2003.11.25"]
[SourceQuality "1"]

1. Nf3 d5 2. g3 Nf6 3. Bg2 g6 4. 0-0 Bg7 5. c4 c6 6. Qc2 0-0 7. d3 e6 8. b3 Nfd7 9. Nc3 Ne5 10. Nxe5 Bxe5 11. Bh6 Bg7 12. Bxg7 Kxg7 13. e4 d4 14. Ne2 e5 15. f4 f6 16. Rf2 Be6 17. Raf1 Nd7 18. Qd2 Qe7 19. f5 Bg8 20. fxg6 hxg6 21. g4 Be6 22. h3 a5 23. Ng3 b6 24. Qe2 Rh8 25. Rf3 Raf8 26. Qf2 Nc5 27. Ne2 Bd7 28. Qg3 g5 29. Qf2 Ne6 30. Qe1 Nf4 31. Nxf4 exf4 32. R1f2 Qd6 33. Rc2 c5 34. a3 Rb8 35. Rb2 b5 36. Re2 Rhe8 37. Qxa5 Ra8 38. Qd2 Rxa3 39. Qb2 b4 40. Rf1 Qe5 41. Bf3 Rea8 42. Kg2 Bc6 43. Qb1 R3a6 44. Qe1 Ra2 45. Rxa2 Rxa2+ 46. Rf2 Rxf2+ 47. Qxf2 Qc7 48. Qa2 Qb6 49. h4 Qc7 50. Kh3 gxh4 51. Qf2 Qe5 52. Qxh4 Bd7 53. Kg2 Qg5 54. Qh3 Be6 55. Be2 Bd7 56. Kf3 Bc8 57. Bf1 Bd7 58. Qh5 Be6 59. Qh3 Bd7 60. Be2 Be6 61. Qh2 Qe5 62. Bf1 Bc8 63. Be2 Bd7 64. Qg3 1/2-1/2

[Event "Tapolca Evadnyito op"]
[Site "Budapest"]
[Date "2002.01.10"]
[Round "7"]
[White "Rozsnyai, Tibor"]
[Black "Mamuzsics, Istvan"]
[Result "1/2-1/2"]
[WhiteElo "2146"]
[BlackElo "2061"]
[PlyCount "78"]
[EventDate "2002.01.04"]
[EventType "swiss"]
[EventRounds "9"]
[EventCountry "HUN"]
[SourceTitle "EXT 2004"]
[Source "ChessBase"]
[SourceDate "2003.11.25"]
[SourceVersion "1"]
[SourceVersionDate "2003.11.25"]
[SourceQuality "1"]

1. e4 e5 2. Nf3 d6 3. d4 exd4 4. Nxd4 Nf6 5. Nc3 c6 6. Be2 Be7 7. 0-0 0-0 8. Be3 d5 9. exd5 Nxd5 10. Nxd5 Qxd5 11. Nb3 Qxd1 12. Raxd1 Bf6 13. Bd4 Bxd4 14. Rxd4 Nd7 15. Rfd1 Nf6 16. Bf3 Bf5 17. R4d2 Be6 18. Nc5 Bc8 19. Rd8 g6 20. g3 Rb8 21. R1d6 Ne8 22. Rd2 Nf6 23. h4 h5 24. b3 Bf5 25. R8d6 Kg7 26. Kg2 Ne8 27. Rd8 Nf6 28. Rxf8 Kxf8 29. c3 Ke7 30. b4 b6 31. Nb3 Rc8 32. a4 Be6 33. Nd4 Bd5 34. c4 Bxf3+ 35. Nxf3 a5 36. bxa5 bxa5 37. Rb2 Rc7 38. Ne5 Nd7 39. Nd3 Kf6 1/2-1/2

[Event "Tapolca Evadnyito op"]
[Site "Budapest"]
[Date "2002.01.04"]
[Round "1"]
[White "Mamuzsics, Istvan"]
[Black "Bencze, Laszlo"]
[Result "1-0"]
[WhiteElo "2061"]
[BlackElo "2273"]
[PlyCount "128"]
[EventDate "2002.01.04"]
[EventType "swiss"]
[EventRounds "9"]
[EventCountry "HUN"]
[SourceTitle "EXT 2004"]
[Source "ChessBase"]
[SourceDate "2003.11.25"]
[SourceVersion "1"]
[SourceVersionDate "2003.11.25"]
[SourceQuality "1"]

1. d4 e6 2. c4 Bb4+ 3. Bd2 a5 4. a3 Bxd2+ 5. Qxd2 f5 6. e3 Nf6 7. Bd3 b6 8. Nf3 Bb7 9. Qe2 0-0 10. Nc3 Qe8 11. 0-0 Ne4 12. Bxe4 fxe4 13. Nd2 Qg6 14. d5 Na6 15. f4 exf3 16. Rxf3 Rxf3 17. Nxf3 Nc5 18. e4 exd5 19. exd5 Re8 20. Qd1 Re3 21. Ne1 a4 22. Qd2 Re8 23. Rd1 Qg4 24. Nb5 Qxc4 25. Nxc7 Nb3 26. Qc3 Qxc3 27. bxc3 Re4 28. Nb5 Ba6 29. Nd6 Re3 30. c4 Rc3 31. Nd3 Nc5 32. Re1 h6 33. Re8+ Kh7 34. Ne5 Rxa3 35. Ra8 Re3 36. Nxd7 Nxd7 37. Rxa6 a3 38. Nb5 Ne5 39. Nxa3 Re1+ 40. Kf2 Ra1 41. d6 Ra2+ 42. Kg3 Kg6 43. c5 Kf6 44. cxb6 Ke6 45. b7 Rb2 46. Ra7 Rb3+ 47. Kh4 g6 48. Nc2 Kxd6 49. Ra6+ Ke7 50. Re6+ Kxe6 51. Nd4+ Kd6 52. Nxb3 Kc7 53. Nc5 Nc6 54. Kg4 Kb6 55. Nd7+ Kxb7 56. Kf4 Kc7 57. Nf8 Kd6 58. Nxg6 Ke6 59. Nh4 Kf6 60. Nf5 Kg6 61. g4 Nb4 62. h4 Nd5+ 63. Ke4 Nf6+ 64. Kf3 Nd5 1-0